[Event "EU-ch 15th"]
[Site "Yerevan"]
[Date "2014.03.10"]
[Round "7"]
[White "Birnboim, Nathan"]
[Black "Antinyan, Armen"]
[Result "1-0"]
[WhiteElo "2353"]
[BlackElo "2155"]
[PlyCount "74"]
[EventDate "2014.03.03"]
[EventType "swiss"]
[EventRounds "11"]
[EventCountry "ARM"]
[SourceTitle "CBM 160"]
[Source "ChessBase"]
[SourceDate "2014.05.15"]
[SourceVersion "1"]
[SourceVersionDate "2014.05.15"]
[SourceQuality "1"]

1. Nf3 Nf6 2. g3 g6 3. Bg2 Bg7 4. 0-0 0-0 5. d4 d6 6. c3 Nbd7 7. Nbd2 e5 8. e4 Qe7 9. Re1 Rd8 10. b3 Ne8 11. Qc2 b5 12. a4 b4 13. d5 bxc3 14. Nc4 f5 15. exf5 gxf5 16. Nh4 Nc5 17. b4 Ne4 18. Ne3 Qf7 19. Nhxf5 N4f6 20. Nxg7 Nxg7 21. Ra3 Bb7 22. Rd1 Rf8 23. Rxc3 Rac8 24. b5 Kh8 25. Ba3 Nge8 26. Rc4 Ra8 27. a5 Rb8 28. f4 Rg8 29. Bb2 Bc8 30. fxe5 dxe5 31. Bxe5 Rxb5 32. Qc3 Rg6 33. Rf1 Kg7 34. Rcf4 Qe7 35. Be4 Rh6 36. Bf5 Ba6 37. Be6 Rc5 1-0

[Event "EU-ch 15th"]
[Site "Yerevan"]
[Date "2014.03.04"]
[Round "2"]
[White "Grishchenko, Sergey"]
[Black "Antinyan, Armen"]
[Result "1-0"]
[WhiteElo "2431"]
[BlackElo "2155"]
[PlyCount "113"]
[EventDate "2014.03.03"]
[EventType "swiss"]
[EventRounds "11"]
[EventCountry "ARM"]
[SourceTitle "CBM 160"]
[Source "ChessBase"]
[SourceDate "2014.05.15"]
[SourceVersion "1"]
[SourceVersionDate "2014.05.15"]
[SourceQuality "1"]

1. d4 Nf6 2. c4 g6 3. Nc3 Bg7 4. e4 d6 5. Be2 0-0 6. Nf3 c6 7. Bg5 Nbd7 8. 0-0 e5 9. d5 c5 10. Nd2 Qe7 11. a3 b6 12. Qc2 Re8 13. Rae1 Nf8 14. b4 h6 15. Be3 g5 16. Rb1 Ng6 17. Rfe1 Ng4 18. bxc5 Nxe3 19. fxe3 bxc5 20. Qd1 Rf8 21. Bg4 Nh4 22. Bxc8 Raxc8 23. Qh5 Qd7 24. Nf1 Kh7 25. Ng3 Rb8 26. Rf1 Rb7 27. Rxb7 Qxb7 28. Rb1 Qa6 29. Nb5 Qb6 30. Qd1 Rb8 31. Nc3 Qc7 32. Rxb8 Qxb8 33. Qb1 Qc7 34. Qb5 Bf6 35. Qa6 Qb6 36. Qxb6 axb6 37. Nf5 Nxf5 38. exf5 Be7 39. Kf2 Kg7 40. Ne4 f6 41. Ke2 h5 42. Kd3 Kf7 43. Kc2 Ke8 44. Kb3 Kd7 45. Ka4 Kc7 46. Kb5 Kb7 47. h3 Ka7 48. Kc6 Bd8 49. Nc3 g4 50. Na4 Be7 51. e4 gxh3 52. gxh3 h4 53. Nxb6 Bf8 54. a4 Bh6 55. a5 Bd2 56. Kb5 Bb4 57. a6 1-0

[Event "Chigorin Memorial 21st"]
[Site "St Petersburg"]
[Date "2013.10.11"]
[Round "7"]
[White "Ponomarev, Dmitry"]
[Black "Antinyan, Armen"]
[Result "1/2-1/2"]
[WhiteElo "2395"]
[BlackElo "2179"]
[PlyCount "150"]
[EventDate "2013.10.05"]
[EventType "swiss"]
[EventRounds "9"]
[EventCountry "RUS"]
[SourceTitle "CBM 156 Extra"]
[Source "ChessBase"]
[SourceDate "2013.10.22"]
[SourceVersion "1"]
[SourceVersionDate "2013.10.22"]
[SourceQuality "1"]

1. d4 d6 2. c4 Nd7 3. Nc3 e5 4. Nf3 c6 5. g3 Be7 6. Bg2 Ngf6 7. 0-0 0-0 8. Qc2 Qc7 9. b3 Rb8 10. Bb2 b5 11. cxb5 cxb5 12. Rfc1 Qb6 13. dxe5 dxe5 14. Ne4 Nxe4 15. Qxe4 Nc5 16. Qxe5 Bf6 17. Qxb8 Qxb8 18. Bxf6 Ne6 19. Be5 Qb6 20. Rc2 Bb7 21. Rac1 h6 22. Rd2 Rc8 23. Rcd1 Qa5 24. Bh3 Re8 25. Bd6 Bxf3 26. b4 Qa3 27. Rd3 Qxa2 28. exf3 Ng5 29. Bf1 Qc2 30. Kg2 Qc6 31. Bc5 a5 32. h4 axb4 33. Bxb4 Ne6 34. Rc3 Qb7 35. Re3 Qa6 36. Ra3 Qb7 37. Re3 Rb8 38. Kg1 Rc8 39. f4 Qb6 40. Red3 Rc2 41. Be1 g6 42. Rd5 Nc5 43. Rd6 Qb7 44. Bg2 Qe7 45. Bf3 Ne4 46. R6d3 Nc5 47. Re3 Qf6 48. Re5 Qb6 49. h5 Kg7 50. hxg6 Qxg6 51. Bh5 Qf6 52. Rdd5 Qb6 53. Re7 Rc1 54. Rxf7+ Kg8 55. Re5 Qc6 56. Rfe7 Nd7 57. Re8+ Nf8 58. Kh2 b4 59. Rf5 Qxe8 60. Bxe8 Rxe1 61. Ba4 Rb1 62. Rf6 Kg7 63. Rb6 Rb2 64. Kg2 Ng6 65. Kf3 Ne7 66. Bc6 Nf5 67. Ke4 Nd6+ 68. Kd5 Nc8 69. Rb7+ Kf6 70. Bd7 Rd2+ 71. Kc5 Ne7 72. Rb6+ Kg7 73. Bg4 h5 74. Bf3 h4 75. gxh4 Rxf2 1/2-1/2

[Event "Chigorin Memorial 21st"]
[Site "St Petersburg"]
[Date "2013.10.09"]
[Round "5"]
[White "Shinkevich, Vitaly"]
[Black "Antinyan, Armen"]
[Result "1/2-1/2"]
[WhiteElo "2489"]
[BlackElo "2179"]
[PlyCount "73"]
[EventDate "2013.10.05"]
[EventType "swiss"]
[EventRounds "9"]
[EventCountry "RUS"]
[SourceTitle "CBM 156 Extra"]
[Source "ChessBase"]
[SourceDate "2013.10.22"]
[SourceVersion "1"]
[SourceVersionDate "2013.10.22"]
[SourceQuality "1"]

1. d4 e6 2. c4 d5 3. Nf3 Nf6 4. Nc3 Be7 5. Bf4 0-0 6. e3 b6 7. cxd5 Nxd5 8. Nxd5 exd5 9. Bd3 Bb4+ 10. Ke2 Bd6 11. Bxd6 Qxd6 12. Rc1 h6 13. Qc2 c6 14. Rhd1 Be6 15. Kf1 Rc8 16. Ne5 c5 17. f4 c4 18. Bh7+ Kh8 19. f5 f6 20. Ng6+ Kxh7 21. fxe6 Kg8 22. Qf5 Nc6 23. e4 Nb4 24. a3 Nd3 25. Qxd5 Qxh2 26. Rxd3 Qh1+ 27. Kf2 Qxc1 28. e7+ Kh7 29. Rg3 Qxb2+ 30. Kg1 Qd2 31. Kh2 Qa5 32. Qf7 Qh5+ 33. Kg1 Qd1+ 34. Kh2 Qh5+ 35. Kg1 Qd1+ 36. Kh2 Qh5+ 37. Kg1 1/2-1/2

[Event "Chigorin Memorial 21st"]
[Site "St Petersburg"]
[Date "2013.10.06"]
[Round "2"]
[White "Antinyan, Armen"]
[Black "Gantsevich, Aleksey A"]
[Result "0-1"]
[WhiteElo "2179"]
[BlackElo "1922"]
[PlyCount "78"]
[EventDate "2013.10.05"]
[EventType "swiss"]
[EventRounds "9"]
[EventCountry "RUS"]
[SourceTitle "CBM 156 Extra"]
[Source "ChessBase"]
[SourceDate "2013.10.22"]
[SourceVersion "1"]
[SourceVersionDate "2013.10.22"]
[SourceQuality "1"]

1. e4 d6 2. d4 Nf6 3. Bd3 g6 4. c3 Bg7 5. Ne2 Nbd7 6. Be3 0-0 7. Ng3 e5 8. h4 h5 9. Qd2 Ng4 10. d5 Nxe3 11. Qxe3 Nc5 12. Be2 Kh7 13. Bf3 c6 14. b4 Nd7 15. c4 cxd5 16. cxd5 a5 17. b5 Nc5 18. Nd2 Bd7 19. Rb1 Bh6 20. Qe2 Na4 21. Qc4 Nb6 22. Qd3 Rc8 23. Be2 Rc5 24. Qa3 Rc2 25. Nf3 Qc7 26. 0-0 Ra8 27. Ng5+ Bxg5 28. hxg5 h4 29. Qf3 Kg8 30. Nh5 gxh5 31. Qxh5 Be8 32. Bg4 f5 33. Qxh4 fxg4 34. Qxg4 Qd7 35. Qf3 Qf7 36. Qa3 Nc4 37. Qh3 Nd2 38. f4 Nxf1 39. f5 Qh5 0-1

[Event "Chepukaitis Memorial blitz prelim"]
[Site "St Petersburg"]
[Date "2013.09.07"]
[Round "2"]
[White "Khusenkhojaev, Muhammad"]
[Black "Antinyan, Armen"]
[Result "0-1"]
[WhiteElo "2377"]
[BlackElo "2179"]
[PlyCount "111"]
[EventDate "2013.09.07"]
[EventType "swiss (blitz)"]
[EventRounds "11"]
[EventCountry "RUS"]
[SourceTitle "CBM 156 Extra"]
[Source "ChessBase"]
[SourceDate "2013.10.22"]
[SourceVersion "1"]
[SourceVersionDate "2013.10.22"]
[SourceQuality "1"]

1. Nf3 c5 2. c4 Nf6 3. Nc3 g6 4. g3 Bg7 5. Bg2 Nc6 6. 0-0 0-0 7. d4 d6 8. dxc5 dxc5 9. Bf4 Nh5 10. Be3 Nd4 11. Na4 Qc7 12. Nxc5 Nf5 13. Qc1 Bxb2 14. Qxb2 Nxe3 15. fxe3 Qxc5 16. Qd4 Qc7 17. Qe5 Qxc4 18. Nd4 e6 19. Rfc1 Qa6 20. Rc7 Ng7 21. g4 Ne8 22. Rc2 Qd6 23. Qxd6 Nxd6 24. Rc7 e5 25. Nf3 e4 26. Ne5 Re8 27. Rd1 Rxe5 28. Rxd6 Bxg4 29. Rxb7 Bxe2 30. Rdd7 Bc4 31. Bf1 Rg5+ 32. Bg2 a5 33. a3 Be6 34. Rd4 Bh3 35. Rd2 Bxg2 36. Rxg2 Rxg2+ 37. Kxg2 Rd8 38. Ra7 Rd3 39. Rxa5 Rxe3 40. a4 Kg7 41. Ra7 Kf6 42. a5 Ra3 43. a6 e3 44. Kf3 e2+ 45. Kxe2 Ra2+ 46. Kd3 Rxh2 47. Rb7 Ra2 48. a7 h5 49. Ke3 g5 50. Kf3 h4 51. Kg4 Ra4+ 52. Kh3 Kg6 53. Rc7 f5 54. Rb7 Ra3+ 55. Kg2 g4 56. Kh2 0-1

[Event "Jermuk Asrian Memorial 4th"]
[Site "Jermuk"]
[Date "2011.06.20"]
[Round "5"]
[White "Petrosian, Davit Gevorgi"]
[Black "Antinyan, Armen"]
[Result "1/2-1/2"]
[WhiteElo "2480"]
[BlackElo "2198"]
[PlyCount "43"]
[EventDate "2011.06.16"]
[EventType "swiss"]
[EventRounds "9"]
[EventCountry "ARM"]
[SourceTitle "CBM 143 Extra"]
[Source "ChessBase"]
[SourceDate "2011.08.29"]
[SourceVersion "1"]
[SourceVersionDate "2011.08.29"]
[SourceQuality "1"]

1. e4 c5 2. d3 e6 3. f4 d5 4. e5 Nc6 5. Nf3 Bd7 6. g3 Qb6 7. Bg2 0-0-0 8. 0-0 Nh6 9. c3 Be7 10. Na3 Nf5 11. Nc2 h5 12. Rf2 f6 13. Ne3 Nh6 14. Bh3 fxe5 15. Nxe5 Nxe5 16. fxe5 g6 17. Qb3 Qc7 18. d4 Nf5 19. Bd2 Rdg8 20. Rc1 Bc6 21. Qc2 cxd4 22. cxd4 1/2-1/2

[Event "Jermuk Asrian Memorial 4th"]
[Site "Jermuk"]
[Date "2011.06.16"]
[Round "1"]
[White "Antinyan, Armen"]
[Black "Moradiabadi, Elshan"]
[Result "1/2-1/2"]
[WhiteElo "2198"]
[BlackElo "2536"]
[PlyCount "89"]
[EventDate "2011.06.16"]
[EventType "swiss"]
[EventRounds "9"]
[EventCountry "ARM"]
[SourceTitle "CBM 143 Extra"]
[Source "ChessBase"]
[SourceDate "2011.08.29"]
[SourceVersion "1"]
[SourceVersionDate "2011.08.29"]
[SourceQuality "1"]

1. e4 g6 2. d4 Bg7 3. Bc4 a6 4. Nf3 b5 5. Bb3 Bb7 6. 0-0 e6 7. Qe2 Ne7 8. e5 d6 9. Bf4 0-0 10. Nbd2 h6 11. a4 b4 12. Rfe1 Nf5 13. c3 bxc3 14. bxc3 g5 15. g4 Nxd4 16. cxd4 gxf4 17. Ne4 Nd7 18. exd6 cxd6 19. Nxd6 Qb6 20. Nxb7 Qxb3 21. Qe4 Nf6 22. Nc5 Nxe4 23. Nxb3 Nc3 24. Nc5 Rfb8 25. Rac1 Nd5 26. Rb1 a5 27. Ne5 Bxe5 28. dxe5 f3 29. h3 Rb4 30. Rxb4 axb4 31. Ra1 Rc8 32. Nb3 Rc3 33. Rb1 Kf8 34. a5 Ke7 35. a6 Kd7 36. a7 Rc8 37. Ra1 Ra8 38. Ra6 Kc7 39. Kh2 Ne7 40. Na5 Nc8 41. Rc6+ Kd7 42. Rc4 Rxa7 43. Rd4+ Kc7 44. Rc4+ Kd7 45. Rd4+ 1/2-1/2

[Event "Jermuk Asrian Memorial 3rd"]
[Site "Jermuk"]
[Date "2010.10.05"]
[Round "1"]
[White "Ter Sahakyan, Samvel"]
[Black "Antinyan, Armen"]
[Result "1-0"]
[WhiteElo "2516"]
[BlackElo "2162"]
[PlyCount "97"]
[EventDate "2010.10.05"]
[EventType "swiss"]
[EventRounds "9"]
[EventCountry "ARM"]
[SourceTitle "CBM 138 Extra"]
[Source "ChessBase"]
[SourceDate "2010.10.29"]
[SourceVersion "1"]
[SourceVersionDate "2010.10.29"]
[SourceQuality "1"]

1. e4 e6 2. d4 d5 3. Nd2 Be7 4. e5 c5 5. Qg4 Kf8 6. Ngf3 Nc6 7. dxc5 Qc7 8. Qg3 Nb4 9. Bd3 Bxc5 10. 0-0 Ne7 11. Nb3 Bb6 12. Bd2 Nbc6 13. a4 a6 14. a5 Ba7 15. Ra4 Ng6 16. Re1 Bd7 17. Rg4 Be8 18. h4 h5 19. Rg5 Rc8 20. Bc3 Qd8 21. Bxg6 fxg6 22. Qf4+ Kg8 23. Rg3 Ne7 24. Bd4 Bxd4 25. Nbxd4 Nf5 26. Nxf5 gxf5 27. Nd4 Bf7 28. b4 Rc4 29. c3 Kh7 30. Nxf5 Bg6 31. Nd4 Rf8 32. Qd2 Bf5 33. Rg5 g6 34. Re3 Qd7 35. Qe2 Bg4 36. f3 Bf5 37. g4 hxg4 38. fxg4 Bb1 39. Qe1 Be4 40. h5 Qe7 41. Qh4 Rh8 42. Rh3 Rcc8 43. hxg6+ Kg7 44. Qh7+ Rxh7 45. Rxh7+ Kf8 46. g7+ Kg8 47. Rh8+ Kf7 48. g8Q+ Rxg8 49. Rhxg8 1-0